00965nam a2200169 a 450000100100000000500170001000800410002704000250006810000420009324504880013526000370062330000170066050000340067750000220071150000260073370000360075900003414420200930070819.0110926s1793 es 000 0 spa d aDO-SdBNPbspacBNPHU1 aBoada de las Costas y Figueras, Pedro10aAdiciones y repertorio general de la practica universal forense de los Tribunales Superiores e Inferiores de España e Indias :bun tratado individual de los seis juicios, civil, ordinario, executivo, criminal, eclesiastico, extraordinario ex-abrupto y del de contrabando : un índice de las reales cédulas y decretos pontificios contenidos en los apendices del septimo y octavo tomo y de las colocadas al fin de esta obra /csu autor doctor Pedro Boada de las Costas y Figueras. aMadrid :bpor Ramon Ruiz,c1793. av. ;c21 cm. aLa biblioteca posee el v. 1-2 aIncluyen índice aTexto en dos columnas1 aElizondo, Francisco Antonio de.